000 01086nam a2200325 a 4500
001 000014648
003 DO-SdBNP
005 20171013104538.0
007 000014648
008 100118s2005 dr 001 0 spa d
020 _a9945404067
040 _aBPMSU
_bspa
_cBPMSU
082 4 _a972.9377
_bM738h, 2005
100 1 _aMonclús, Miguel Ángel,
_d1893-1967
245 1 0 _aHistoria de Monte Plata /
_cMiguel Ángel Monclús.
250 _a2a ed
260 _aSanto Domingo :
_bGente,
_c2005.
300 _a180 p. ;
_c20 cm.
500 _aIncluye índice alfabético
650 4 _aCIUDADES Y PUEBLOS
_zREPÚBLICA DOMINICANA
651 4 _aMONTE PLATA (REPÚBLICA DOMINICANA)
_xHISTORIA LOCAL
651 4 _aMONTE PLATA (REPÚBLICA DOMINICANA)
_xVIDA SOCIAL Y COSTUMBRES
910 _aValidado. Control de calidad BNPHU
942 _2ddc
_cBK
945 _aInventariado, 2017/MFF
956 _aIGARCIA
_b10
_c20100119
_lBND01
_h1342
956 _aARIVERA
_b10
_c20100719
_lBND01
_h1208
956 _aMMOLINA
_b10
_c20120413
_lBND01
_h1844
956 _aVMATEO
_b10
_c20150803
_lBPMSU
_h00151
999 _c8057
_d8057